The mythology of benchmarking property (Record no. 73701)

MARC details
000 -LEADER
fixed length control field 01070cam a2200217 4500
001 - CONTROL NUMBER
control field ABS67198
008 - FIXED-LENGTH DATA ELEMENTS--GENERAL INFORMATION
fixed length control field 031029n2003 000 0 eng u
035 ## - SYSTEM CONTROL NUMBER
System control number (Sirsi) u124167
100 ## - MAIN ENTRY--PERSONAL NAME
Personal name De Boehmler, Roger
245 #4 - TITLE STATEMENT
Title The mythology of benchmarking property
260 ## - PUBLICATION, DISTRIBUTION, ETC.
Date of publication, distribution, etc. 2003
490 ## - SERIES STATEMENT
Series statement Property Systems Review
Volume/sequential designation (27) Autumn 2003, 14-25(2)
520 ## - SUMMARY, ETC.
Summary, etc. Considers the lack of real substance to benchmarking property performance claims and looks at the policy decisions required to establish a systematic regime. Provides key questions on agreed benchmarking policy, standards and reports that property managers should answer truthfully. Given the importance of benchmarking in property management, occupiers must define clear benchmarking policy, standard frameworks must be created and powerful reporting software must be developed.
590 ## - LOCAL NOTE (RLIN)
Local note ABS
650 ## - SUBJECT ADDED ENTRY--TOPICAL TERM
Topical term or geographic name entry element BENCHMARKING STANDARDS
650 ## - SUBJECT ADDED ENTRY--TOPICAL TERM
Topical term or geographic name entry element PROPERTY BENCHMARKING
650 ## - SUBJECT ADDED ENTRY--TOPICAL TERM
Topical term or geographic name entry element BENCHMARKING
650 ## - SUBJECT ADDED ENTRY--TOPICAL TERM
Topical term or geographic name entry element PROPERTY SOFTWARE
690 ## - LOCAL SUBJECT ADDED ENTRY--TOPICAL TERM (OCLC, RLIN)
Topical term or geographic name as entry element PROPERTY MANAGEMENT-COMMERCIAL PROPERTY
942 ## - ADDED ENTRY ELEMENTS (KOHA)
Suppress in OPAC 0
Holdings
Withdrawn status Lost status Source of classification or shelving scheme Damaged status Not for loan Home library Current library Shelving location Date acquired Total Checkouts Full call number Barcode Date last seen Copy number Price effective from Koha item type
    Dewey Decimal Classification     London London Journal article 29/10/2003   ABS67198 124167-1001 06/08/2019 1 06/08/2019 Journal article